[Event "United Insurance 10th"]
[Site "Dhaka"]
[Date "2008.08.02"]
[Round "5"]
[White "Badri, Nepali"]
[Black "Ahmed, Mahtabuddin"]
[Result "1-0"]
[WhiteElo "2172"]
[BlackElo "2184"]
[PlyCount "101"]
[EventDate "2008.07.30"]
[EventType "swiss"]
[EventRounds "10"]
[EventCountry "BAN"]
[SourceTitle "CBM 125 Extra"]
[Source "ChessBase"]
[SourceDate "2008.09.01"]
[SourceVersion "1"]
[SourceVersionDate "2008.09.01"]
[SourceQuality "1"]

1. e4 e5 2. Nf3 Nc6 3. Bb5 a6 4. Ba4 Nf6 5. 0-0 Be7 6. Re1 b5 7. Bb3 d6 8. c3 0-0 9. h3 Na5 10. Bc2 c5 11. d4 cxd4 12. cxd4 Qc7 13. Nc3 Bb7 14. Bg5 Bc6 15. Rc1 exd4 16. Nxd4 Bd7 17. e5 dxe5 18. Bxf6 Bxf6 19. Ndxb5 Bxb5 20. Nxb5 Qb6 21. Nc3 Qxb2 22. Nd5 Bg5 23. Rb1 Qd4 24. Qf3 Rac8 25. Rbd1 Qh4 26. g3 Qh6 27. Bf5 Rce8 28. h4 Bd8 29. Bd7 e4 30. Qc3 Re6 31. Bxe6 Qxe6 32. Nf4 Qb6 33. Rxe4 Nb7 34. Nh5 Qg6 35. Qf3 Kh8 36. Nf4 Qc6 37. Ne6 Rg8 38. Nxd8 Nxd8 39. Qd3 Ne6 40. Rc4 Qb5 41. a4 Qh5 42. Qd5 Qe2 43. Rdc1 Qa2 44. Qf5 Nd8 45. h5 h6 46. Qa5 Ne6 47. Rc8 Qe2 48. Rxg8+ Kxg8 49. Rc8+ Kh7 50. Qf5+ g6 51. Qxf7+ 1-0

[Event "United Insurance 10th"]
[Site "Dhaka"]
[Date "2008.08.01"]
[Round "4"]
[White "Badri, Nepali"]
[Black "Hossain, Monir Khan"]
[Result "0-1"]
[WhiteElo "2172"]
[BlackElo "2193"]
[PlyCount "166"]
[EventDate "2008.07.30"]
[EventType "swiss"]
[EventRounds "10"]
[EventCountry "BAN"]
[SourceTitle "CBM 125 Extra"]
[Source "ChessBase"]
[SourceDate "2008.09.01"]
[SourceVersion "1"]
[SourceVersionDate "2008.09.01"]
[SourceQuality "1"]

1. e4 c5 2. Nf3 e6 3. d4 cxd4 4. Nxd4 a6 5. Nc3 Qc7 6. Bd3 b5 7. a3 Bb7 8. 0-0 Nc6 9. Be3 Nf6 10. Nb3 Ne5 11. h3 Nc4 12. Bxc4 bxc4 13. Nd2 Rc8 14. Qe2 Be7 15. f4 d5 16. e5 Nd7 17. Nf3 0-0 18. Nd4 Nc5 19. Qf2 f6 20. Qg3 Qd7 21. Rae1 f5 22. Qf2 Rc7 23. Kh2 Bc8 24. g4 fxg4 25. hxg4 Qd8 26. Qg2 Rb7 27. Nc6 Qd7 28. Nxe7+ Qxe7 29. Qf2 Nd7 30. Bd4 h5 31. f5 Qg5 32. f6 Rf7 33. Nxd5 exd5 34. e6 Rxf6 35. Bxf6 Nxf6 36. Qf5 Nxg4+ 37. Kg3 Qxf5 38. Rxf5 Nf6 39. Rxf6 gxf6 40. e7 Bd7 41. e8Q+ Bxe8 42. Rxe8+ Kg7 43. Rd8 Rxb2 44. Rxd5 Rxc2 45. Ra5 Kg6 46. Rxa6 Ra2 47. Kf4 c3 48. Ra8 c2 49. Rc8 Rxa3 50. Rxc2 Ra4+ 51. Kf3 h4 52. Rc8 Kg5 53. Rg8+ Kf5 54. Rh8 Ra3+ 55. Kf2 Kg4 56. Rg8+ Kf4 57. Rh8 Ra2+ 58. Kg1 f5 59. Rc8 Kf3 60. Rc3+ Kg4 61. Rb3 f4 62. Rc3 f3 63. Rc8 Kh3 64. Rf8 Rg2+ 65. Kf1 Kg3 66. Rg8+ Kh2 67. Rf8 Rg3 68. Kf2 h3 69. Rh8 Rg7 70. Rh6 Ra7 71. Kxf3 Rf7+ 72. Ke2 Kg2 73. Rg6+ Kh1 74. Rg5 h2 75. Rg6 Ra7 76. Kf2 Ra2+ 77. Kf1 Ra1+ 78. Kf2 Rg1 79. Rh6 Rg2+ 80. Kf1 Rg4 81. Rh7 Rf4+ 82. Ke2 Kg2 83. Rg7+ Kh3 0-1

[Event "New Delhi Parsvnath op 6th"]
[Site "New Delhi"]
[Date "2008.01.16"]
[Round "6"]
[White "Badri, Nepali"]
[Black "Zakurdjaeva, Irina"]
[Result "1-0"]
[WhiteElo "2161"]
[BlackElo "2332"]
[PlyCount "99"]
[EventDate "2008.01.13"]
[EventType "swiss"]
[EventRounds "10"]
[EventCountry "IND"]
[SourceTitle "CBM 122 Extra"]
[Source "ChessBase"]
[SourceDate "2008.03.04"]
[SourceVersion "1"]
[SourceVersionDate "2008.03.04"]
[SourceQuality "1"]

1. e4 c5 2. Nf3 e6 3. d4 cxd4 4. Nxd4 Nc6 5. Nb5 d6 6. Bf4 e5 7. Be3 Nf6 8. Bg5 a6 9. Bxf6 gxf6 10. N5c3 f5 11. exf5 Bxf5 12. Nd5 Bg7 13. Na3 0-0 14. Nc4 b5 15. Nce3 Be6 16. c3 f5 17. f4 Ne7 18. g3 Nxd5 19. Nxd5 Rc8 20. Bg2 e4 21. Qd2 Rc5 22. Ne3 Qb6 23. Rd1 Bxa2 24. Qxd6 Rc6 25. Qd2 Bb3 26. Ke2 b4 27. c4 Bf6 28. Qd5+ Kh8 29. Qxf5 Rxc4 30. Bxe4 Rxe4 31. Qxe4 Qb5+ 32. Kf2 Bxd1 33. Rxd1 Re8 34. Qd5 Qb6 35. Rd3 Bxb2 36. Qf7 Qg6 37. Qd5 a5 38. Nc4 Rf8 39. f5 Qh6 40. h4 Qc1 41. Re3 Qc2+ 42. Kf3 Rc8 43. Nd6 Rf8 44. Ne4 Bg7 45. Kg4 Qc1 46. Rf3 Qh1 47. Ng5 Bf6 48. Qd6 Bg7 49. f6 Bh6 50. Qe7 1-0